Programa de resolución de problemas sociales: manual para la resolución de problemas sociales

Saved in:
Bibliographic Details
Corporate Author: SENDA (Author)
Format: Book
Language:Spanish
Published: Santiago SENDA 2012
Subjects:
Tags: Add Tag
No Tags, Be the first to tag this record!

MARC

LEADER 00000cam a2200000 a 4500
001 UCF9450
003 CL-VaPUC
008 131125e20120000cl |||||||||||||||||spa|d
020 |a 9789569141089 
082 0 4 |a 361.1  |b SEN  |2 21 
110 2 |a SENDA  |e author  |9 571758 
245 1 0 |a Programa de resolución de problemas sociales: manual para la resolución de problemas sociales 
300 |a 158 p 
942 |c BK 
945 |d 20131125 03:22:00  |a dcastane 
260 |a Santiago  |b SENDA  |c 2012 
650 0 |a Problemas sociales  |9 258537 
650 0 |a Conflictos  |9 332195 
583 |a last modification  |c 20131125 03:22:00  |k Rodrigo Vera 
999 |c 353893  |d 353891 
952 |0 0  |1 0  |3 erb  |4 0  |6 361_100000000000000_SEN_2012  |7 0  |8 A  |9 459338  |a BIBGIM  |b BIBGIM  |i 5027853  |o 361.1 SEN 2012  |p 5027853  |r 2025-01-15  |w 2019-11-23  |y BK  |z Catalogado en:20131125  |k SSL